Primer Plan Nacional de Alimentación y Nutrición (Registro nro. 48776)
[ vista simple ]
| 000 -CABECERA | |
|---|---|
| campo de control de longitud fija | 01375nam a2200241 a 4500 |
| 003 - IDENTIFICADOR DEL NÚMERO DE CONTROL | |
| campo de control | OSt |
| 005 - FECHA Y HORA DE LA ÚLTIMA TRANSACCIÓN | |
| campo de control | 20240506193024.0 |
| 008 - DATOS DE LONGITUD FIJA--INFORMACIÓN GENERAL | |
| campo de control de longitud fija | 190812s1982 dr 000 spa d |
| 040 ## - FUENTE DE LA CATALOGACIÓN | |
| Centro catalogador/agencia de origen | DO-SdBNP |
| Lengua de catalogación | spa |
| Centro/agencia transcriptor | BNPHU |
| 082 ## - NÚMERO DE LA CLASIFICACIÓN DECIMAL DEWEY | |
| Número de clasificación | 363.87293 |
| Número de documento/Ítem | R426p |
| 110 2# - ENTRADA PRINCIPAL--NOMBRE DE ENTIDAD CORPORATIVA | |
| Nombre de entidad corporativa o nombre de jurisdicción como elemento de entrada | República Dominicana |
| Unidad subordinada | Oficina Nacional de Planificación |
| 9 (RLIN) | 9293 |
| 245 10 - MENCIÓN DE TÍTULO | |
| Título | Primer Plan Nacional de Alimentación y Nutrición |
| Medio | |
| 260 ## - PUBLICACIÓN, DISTRIBUCIÓN, ETC. | |
| Lugar de publicación, distribución, etc. | Santo Domingo : |
| Fecha de publicación, distribución, etc. | 1982. |
| Nombre del editor, distribuidor, etc. | Oficina Nacional de Planificación |
| 300 ## - DESCRIPCIÓN FÍSICA | |
| Extensión | v. ; |
| Dimensiones | 26 cm. |
| 500 ## - NOTA GENERAL | |
| Nota general | Incluye referencias bibliográficas y notas al pie de las páginas |
| 505 0# - NOTA DE CONTENIDO CON FORMATO | |
| Nota de contenido con formato | Síntesis de la situación socio-económica -- Antecedentes -- Marco conceptual -- La situación en la República Dominicana -- Análisis de acciones sectoriales -- Hacia una estrategia alimentaria y nutricional -- Antecedentes para la formulación de políticas -- Bases y sugerencias para una política nacional de alimentación y nutrición -- Aspectos programáticos globales -- Programas y proyectos del Plan de Alimentación y Nutrición -- Costos y necesidades de financiamiento de los programas y proyectos para El Plan Nacional de Alimentación y Nutrición. |
| 590 ## - NOTA LOCAL (RLIN) | |
| Nota local | Inventariado, 2020/VM |
| 650 #0 - PUNTO DE ACCESO ADICIONAL DE MATERIA--TÉRMINO DE MATERIA | |
| Término de materia o nombre geográfico como elemento de entrada | Nutrición |
| 9 (RLIN) | 12779 |
| 650 #7 - PUNTO DE ACCESO ADICIONAL DE MATERIA--TÉRMINO DE MATERIA | |
| Fuente del encabezamiento o término | Lemb |
| Término de materia o nombre geográfico como elemento de entrada | Política nutricional |
| Subdivisión geográfica | República Dominicana |
| 9 (RLIN) | 76717 |
| 910 ## - DATOS DE OPCIÓN DEL USUARIO (OCLC) | |
| Datos de opción del usuario | En proceso |
| 942 ## - ELEMENTOS DE PUNTO DE ACCESO ADICIONAL (KOHA) | |
| Fuente del sistema de clasificación o colocación | Dewey Decimal Classification |
| Tipo de ítem Koha | Libros y folletos |
| 956 ## - LOCALIZACIÓN Y ACCESO ELECTRÓNICOS LOCAL (OCLC) | |
| Nombre del host | VMateo |
| Estado de retiro | Estado de pérdida | Fuente del sistema de clasificación o colocación | Restricciones de uso | No para préstamo | Código de colección | Localización permanente | Ubicación/localización actual | Fecha de adquisición | Total de préstamos | Signatura topográfica completa | Código de barras | Fecha visto por última vez | Número de copia | Precio válido a partir de | Tipo de ítem Koha | Nota pública |
|---|---|---|---|---|---|---|---|---|---|---|---|---|---|---|---|---|
| Dewey Decimal Classification | Préstamo restringido | Préstamo restrigido | Monografías: Libros y Folletos | Biblioteca Nacional Pedro Henríquez Ureña | Patrimonio Dominicano | 30.09.2020 | 363.87293 R426p | 2020-0064 | 30.09.2020 | v.1 | 30.09.2020 | Libros y folletos | Perteneció a la biblioteca personal de la familia Reyes Duluc |
